[Event "TNMH"]
[Site "Aveiro"]
[Date "2023.12.22"]
[Round "8.1"]
[White "Veiga, Jose"]
[Black "Fidalgo, Andre"]
[Result "1-0"]
[BlackElo "2245"]
[WhiteElo "2357"]
[LiveChessVersion "1.4.8"]

1. e4 {[%clk 1:25:02]} e5 {[%clk 1:30:52]} 2. Nf3 {[%clk 1:25:21]} Nc6
{[%clk 1:31:14]} 3. Bc4 {[%clk 1:25:44]} Nf6 {[%clk 1:31:15]} 4. d3
{[%clk 1:26:06]} h6 {[%clk 1:31:38]} 5. O-O {[%clk 1:25:45]} d6 {[%clk 1:32:01]}
6. a4 {[%clk 1:25:53]} g5 {[%clk 1:32:10]} 7. Nc3 {[%clk 1:25:42]} Bg7
{[%clk 1:30:56]} 8. a5 {[%clk 1:23:52]} a6 {[%clk 1:30:51]} 9. Re1
{[%clk 1:22:17]} O-O {[%clk 1:27:09]} 10. Nd2 {[%clk 1:20:38]} Ne7
{[%clk 1:24:02]} 11. Nf1 {[%clk 1:19:48]} c6 {[%clk 1:21:16]} 12. Ng3
{[%clk 1:14:03]} d5 {[%clk 1:21:16]} 13. Bb3 {[%clk 1:13:17]} Qd6
{[%clk 1:14:13]} 14. d4 {[%clk 1:10:01]} dxe4 {[%clk 1:07:36]} 15. dxe5
{[%clk 1:08:03]} Qxd1 {[%clk 0:53:09]} 16. Nxd1 {[%clk 1:04:27]} Ng4
{[%clk 0:52:42]} 17. e6 {[%clk 1:03:20]} f5 {[%clk 0:52:04]} 18. f3
{[%clk 1:03:00]} exf3 {[%clk 0:46:20]} 19. gxf3 {[%clk 1:01:53]} Ne5
{[%clk 0:46:09]} 20. Kg2 {[%clk 1:01:16]} N5g6 {[%clk 0:24:35]} 21. Nh5
{[%clk 0:54:47]} Nh4+ {[%clk 0:23:04]} 22. Kf2 {[%clk 0:52:43]} Bh8
{[%clk 0:22:37]} 23. Be3 {[%clk 0:34:18]} f4 {[%clk 0:20:29]} 24. Bc5
{[%clk 0:32:11]} Nhf5 {[%clk 0:20:52]} 25. c3 {[%clk 0:27:55]} Re8
{[%clk 0:17:18]} 26. Ra4 {[%clk 0:25:43]} Nd5 27. Rae4 {[%clk 0:24:14]} Kh7
{[%clk 0:16:22]} 28. Bc2 {[%clk 0:22:50]} Kg6 {[%clk 0:15:19]} 29. R4e2
{[%clk 0:23:10]} Nc7 {[%clk 0:15:00]} 30. Bb6 {[%clk 0:11:01]} Nxe6
{[%clk 0:13:16]} 31. Kg2 {[%clk 0:08:46]} Rf8 {[%clk 0:06:25]} 32. Bb3
{[%clk 0:07:15]} Kxh5 {[%clk 0:04:03]} 33. Bxe6 {[%clk 0:07:13]} Bxe6
{[%clk 0:03:01]} 34. Rxe6 {[%clk 0:07:41]} Rf6 {[%clk 0:02:57]} 35. Re8
{[%clk 0:05:52]} Rxe8 {[%clk 0:03:01]} 36. Rxe8 {[%clk 0:06:21]} Bg7
{[%clk 0:03:21]} 37. Kf1 {[%clk 0:04:33]} Rd6 {[%clk 0:02:36]} 38. Ke2
{[%clk 0:04:29]} Rd7 {[%clk 0:02:32]} 39. Nf2 {[%clk 0:04:11]} Nd6
{[%clk 0:01:37]} 40. Re6 {[%clk 0:03:58]} Nc4 {[%clk 0:01:53]} 41. Ng4
{[%clk 0:03:17]} Rd2+ {[%clk 0:00:35]} 42. Ke1 {[%clk 0:03:36]} Rd6
{[%clk 0:00:45]} 43. Re7 {[%clk 0:03:46]} Kg6 {[%clk 0:01:08]} 44. Rxb7
{[%clk 0:02:48]} Nxb2 {[%clk 0:01:04]} 45. Nf2 {[%clk 0:01:00]} Bxc3+
{[%clk 0:01:04]} 46. Kf1 {[%clk 0:01:29]} Nc4 {[%clk 0:01:09]} 47. Ne4
{[%clk 0:01:28]} Nd2+ {[%clk 0:01:14]} 48. Nxd2 {[%clk 0:01:30]} Rxd2
{[%clk 0:00:45]} 49. Rc7 {[%clk 0:01:36]} Rd6 {[%clk 0:00:53]} 50. Ra7
{[%clk 0:02:05]} Rd1+ {[%clk 0:00:53]} 51. Kg2 {[%clk 0:01:09]} Rd2+
{[%clk 0:01:11]} 52. Kg1 {[%clk 0:01:38]} Kf5 {[%clk 0:00:41]} 53. h3
{[%clk 0:01:44]} Ra2 {[%clk 0:00:41]} 54. Rxa6 {[%clk 0:02:00]} h5
{[%clk 0:01:02]} 55. Ra8 {[%clk 0:01:39]} g4 {[%clk 0:00:47]} 56. hxg4+
{[%clk 0:01:57]} hxg4 {[%clk 0:01:11]} 57. a6 {[%clk 0:01:07]} Ra1+
{[%clk 0:00:52]} 58. Kg2 {[%clk 0:00:35]} Ra2+ {[%clk 0:01:11]} 59. Kf1
{[%clk 0:00:58]} gxf3 {[%clk 0:00:36]} 60. a7 {[%clk 0:01:23]} Ra1+
{[%clk 0:00:40]} 61. Kf2 {[%clk 0:01:48]} Bf6 {[%clk 0:00:39]} 62. Rf8
{[%clk 0:01:16]} Ke4 {[%clk 0:00:33]} 63. Re8+ {[%clk 0:01:11]} Be5
{[%clk 0:00:33]} 64. a8=Q {[%clk 0:01:22]} Rxa8 {[%clk 0:00:53]} 65. Rxa8
{[%clk 0:01:50]} Bd4+ {[%clk 0:01:05]} 66. Bxd4 {[%clk 0:02:14]} Kxd4
{[%clk 0:01:31]} 67. Kxf3 {[%clk 0:02:03]} c5 {[%clk 0:01:41]} 68. Kxf4
{[%clk 0:02:10]} c4 {[%clk 0:02:06]} 69. Rd8+ {[%clk 0:02:25]} Kd5 70. Ke4+ 1-0

[Event "TNMH"]
[Site "Aveiro"]
[Date "2023.12.22"]
[Round "8.2"]
[White "Dias, Ricardo"]
[Black "Farias, David"]
[Result "1/2-1/2"]
[BlackElo "2133"]
[WhiteElo "2189"]
[LiveChessVersion "1.4.8"]

1. e4 c5 2. Nf3 e6 3. d4 cxd4 4. Nxd4 Nc6 5. Nc3 Qc7 6. g3 a6 7. Bg2 Nf6 8. O-O
Bc5 9. Nxc6 dxc6 10. Na4 Ba7 11. c4 Nd7 12. Qc2 Bd4 13. c5 e5 14. Re1 Nf8 15. Be3
Ne6 16. Rac1 O-O 17. Nb6 Rb8 18. b4 Rd8 19. Nc4 Bxe3 20. fxe3 Nf8 21. Qc3 Ng6 22.
Rcd1 Be6 23. Bf1 Qe7 24. a4 Qg5 25. Rxd8+ Rxd8 26. Nd6 Rd7 27. Bc4 Nf8 28. Bxe6
Nxe6 29. Rf1 h5 30. Rf5 Qg4 31. Qxe5 h4 32. Rf1 Qe2 33. gxh4 Qxe3+ 34. Kg2 b6 35.
Rf3 Qe2+ 36. Rf2 Qg4+ 37. Qg3 Qxg3+ 38. hxg3 bxc5 39. bxc5 Nxc5 40. Rc2 Rxd6 41.
Rxc5 Rd4 42. Ra5 Rxe4 43. Rxa6 g6 44. Kf3 Rb4 45. g4 Kg7 46. Ra7 c5 47. a5 Ra4
48. a6 Kf6 49. Ra8 Ke5 50. a7 Ra3+ 51. Ke2 Kf6 52. Rc8 Rxa7 53. Rxc5 1/2-1/2

[Event "TNMH"]
[Site "Aveiro"]
[Date "2023.12.22"]
[Round "8.3"]
[White "Ribeiro, Gustavo"]
[Black "Reis, Luis"]
[Result "1-0"]
[BlackElo "2157"]
[WhiteElo "2187"]
[LiveChessVersion "1.4.8"]

1. e4 {[%clk 1:30:58]} e6 {[%clk 1:30:18]} 2. d4 {[%clk 1:31:22]} d5
{[%clk 1:30:31]} 3. Nc3 {[%clk 1:31:48]} Bb4 {[%clk 1:30:32]} 4. e5
{[%clk 1:30:55]} c5 {[%clk 1:30:23]} 5. a3 {[%clk 1:31:21]} Bxc3+
{[%clk 1:28:24]} 6. bxc3 {[%clk 1:31:44]} Qc7 {[%clk 1:28:09]} 7. Qg4
{[%clk 1:32:01]} g6 {[%clk 1:27:43]} 8. Bd2 {[%clk 1:29:07]} Bd7 {[%clk 1:24:22]}
9. Nf3 {[%clk 1:21:18]} Ba4 {[%clk 1:08:22]} 10. dxc5 {[%clk 1:17:08]} Bxc2
{[%clk 1:06:44]} 11. c4 {[%clk 1:13:11]} Be4 {[%clk 1:03:36]} 12. Be2
{[%clk 1:13:13]} Bxf3 {[%clk 1:02:35]} 13. Qxf3 {[%clk 1:13:32]} d4
{[%clk 1:01:06]} 14. Rb1 {[%clk 1:09:14]} Nc6 {[%clk 1:01:01]} 15. Qe4
{[%clk 1:09:25]} O-O-O {[%clk 0:58:28]} 16. f4 {[%clk 1:07:07]} Nge7
{[%clk 0:49:21]} 17. Bd3 {[%clk 1:04:15]} Nf5 {[%clk 0:46:27]} 18. O-O
{[%clk 1:04:35]} Qe7 {[%clk 0:21:15]} 19. Rb3 {[%clk 0:57:29]} Rd7
{[%clk 0:21:18]} 20. Rfb1 {[%clk 0:57:50]} Rc7 {[%clk 0:16:52]} 21. g4
{[%clk 0:51:29]} Ng7 {[%clk 0:13:25]} 22. Be2 {[%clk 0:50:20]} Qd7
{[%clk 0:12:08]} 23. a4 {[%clk 0:47:14]} h5 {[%clk 0:11:26]} 24. a5
{[%clk 0:46:28]} a6 {[%clk 0:10:29]} 25. h3 {[%clk 0:42:58]} Rd8 {[%clk 0:08:50]}
26. Bf3 {[%clk 0:40:31]} d3 {[%clk 0:08:12]} 27. Rb6 {[%clk 0:40:17]} hxg4
{[%clk 0:07:41]} 28. hxg4 {[%clk 0:40:27]} Qd4+ {[%clk 0:03:52]} 29. Qxd4
{[%clk 0:40:42]} Rxd4 {[%clk 0:04:20]} 30. Bxc6 {[%clk 0:41:04]} Rxc6
{[%clk 0:02:28]} 31. Rxb7 {[%clk 0:41:16]} Ne8 {[%clk 0:02:44]} 32. Rxf7
{[%clk 0:29:46]} Rxc4 {[%clk 0:02:46]} 33. Rb3 {[%clk 0:28:30]} Rd4
{[%clk 0:02:54]} 34. Kf2 {[%clk 0:28:02]} Rxc5 {[%clk 0:02:56]} 35. Ke3
{[%clk 0:28:27]} Rdd5 {[%clk 0:01:15]} 36. Rxd3 {[%clk 0:28:33]} g5
{[%clk 0:01:19]} 37. fxg5 {[%clk 0:27:21]} Rxe5+ {[%clk 0:00:49]} 38. Kf3
{[%clk 0:27:42]} Red5 {[%clk 0:00:53]} 39. Rxd5 {[%clk 0:27:52]} Rxd5
{[%clk 0:01:22]} 40. Ke2 {[%clk 0:28:12]} Rd4 {[%clk 0:01:35]} 41. Rf4
{[%clk 0:27:49]} Rd5 {[%clk 0:01:12]} 42. g6 {[%clk 0:28:03]} Kd7
{[%clk 0:00:36]} 43. g7 {[%clk 0:28:21]} 1-0

[Event "TNMH"]
[Site "Aveiro"]
[Date "2023.12.22"]
[Round "8.4"]
[White "Goncalves, Samuel"]
[Black "Ferreira, Luis"]
[Result "1-0"]
[BlackElo "2193"]
[WhiteElo "2165"]
[LiveChessVersion "1.4.8"]

1. e4 {[%clk 1:30:57]} e6 {[%clk 1:30:55]} 2. d4 {[%clk 1:31:20]} d5
{[%clk 1:31:22]} 3. exd5 {[%clk 1:31:41]} exd5 {[%clk 1:31:48]} 4. Nf3
{[%clk 1:32:04]} Bd6 {[%clk 1:32:14]} 5. c4 {[%clk 1:32:04]} Nf6 {[%clk 1:32:39]}
6. c5 {[%clk 1:29:56]} Be7 {[%clk 1:33:05]} 7. Bd3 {[%clk 1:29:20]} O-O
{[%clk 1:33:11]} 8. O-O {[%clk 1:29:09]} b6 {[%clk 1:33:21]} 9. Be3
{[%clk 1:28:36]} Ng4 {[%clk 1:26:32]} 10. Bf4 {[%clk 1:28:56]} bxc5
{[%clk 1:25:05]} 11. dxc5 {[%clk 1:29:18]} h6 {[%clk 1:24:44]} 12. Nc3
{[%clk 1:24:01]} Nf6 {[%clk 1:21:35]} 13. b4 {[%clk 1:18:58]} a5 {[%clk 1:21:05]}
14. a3 {[%clk 1:18:47]} Bg4 {[%clk 1:20:41]} 15. Nb5 {[%clk 1:12:55]} c6
{[%clk 1:11:12]} 16. Nbd4 {[%clk 1:12:45]} Qc8 {[%clk 1:11:30]} 17. h3
{[%clk 1:08:09]} Bxf3 {[%clk 1:08:15]} 18. Qxf3 {[%clk 1:08:17]} Re8
{[%clk 1:04:34]} 19. Nf5 {[%clk 1:06:18]} Ne4 {[%clk 1:04:21]} 20. Bxe4
{[%clk 1:04:49]} dxe4 {[%clk 1:02:21]} 21. Qg4 {[%clk 1:05:11]} Bf6
{[%clk 1:02:48]} 22. Rad1 {[%clk 0:56:40]} g6 {[%clk 0:57:05]} 23. Nxh6+
{[%clk 0:55:04]} Kg7 {[%clk 0:56:13]} 24. Qg3 {[%clk 0:54:28]} axb4
{[%clk 0:55:20]} 25. axb4 {[%clk 0:52:19]} Na6 {[%clk 0:54:21]} 26. Ng4
{[%clk 0:52:20]} Qf5 {[%clk 0:52:06]} 27. Nxf6 {[%clk 0:47:54]} Qxf6
{[%clk 0:51:27]} 28. Bd2 {[%clk 0:47:59]} Kg8 {[%clk 0:51:06]} 29. Bc3
{[%clk 0:48:23]} Qe7 {[%clk 0:48:07]} 30. Qe3 {[%clk 0:46:03]} Qh4
{[%clk 0:46:16]} 31. Qd4 {[%clk 0:42:45]} Qh6 {[%clk 0:46:32]} 32. Qf6
{[%clk 0:41:54]} Re6 {[%clk 0:45:58]} 33. Rd8+ {[%clk 0:42:14]} Rxd8
{[%clk 0:46:19]} 34. Qxd8+ {[%clk 0:42:42]} Qf8 {[%clk 0:46:42]} 35. Rd1
{[%clk 0:41:55]} f6 {[%clk 0:44:50]} 36. Qd7 {[%clk 0:40:30]} Qe8
{[%clk 0:43:27]} 37. Qb7 {[%clk 0:39:35]} Nb8 {[%clk 0:42:42]} 38. Qc7
{[%clk 0:39:52]} Qf8 {[%clk 0:41:11]} 39. Rd8 {[%clk 0:39:24]} Re8
{[%clk 0:41:34]} 40. Rxe8 {[%clk 0:38:26]} Qxe8 {[%clk 0:42:00]} 41. Bxf6
{[%clk 0:37:07]} Nd7 {[%clk 0:42:19]} 42. Bd4 {[%clk 0:37:10]} Qe6
{[%clk 0:42:19]} 43. Qc8+ {[%clk 0:36:07]} Kf7 {[%clk 0:38:25]} 44. Qh8
{[%clk 0:36:05]} Qf5 {[%clk 0:38:15]} 45. Qg7+ {[%clk 0:35:18]} Ke6
{[%clk 0:38:35]} 46. Qg8+ {[%clk 0:35:05]} Ke7 {[%clk 0:38:42]} 47. Qg7+
{[%clk 0:31:41]} Ke6 {[%clk 0:38:19]} 48. g4 {[%clk 0:29:11]} Qg5
{[%clk 0:26:45]} 49. Be3 {[%clk 0:29:25]} Qf6 {[%clk 0:26:15]} 50. Qg8+
{[%clk 0:28:08]} Ke7 {[%clk 0:25:18]} 51. Qc4 {[%clk 0:27:30]} Qe5
{[%clk 0:24:01]} 52. Qd4 {[%clk 0:27:43]} Ke6 {[%clk 0:22:23]} 53. Kg2
{[%clk 0:26:54]} Qxd4 {[%clk 0:22:05]} 54. Bxd4 {[%clk 0:27:22]} Kd5
{[%clk 0:22:30]} 55. Bg7 {[%clk 0:27:21]} g5 {[%clk 0:18:49]} 56. Bh6
{[%clk 0:27:42]} Kc4 {[%clk 0:18:45]} 57. Bxg5 {[%clk 0:28:05]} Kxb4
{[%clk 0:19:11]} 58. Be7 {[%clk 0:28:27]} 1-0

[Event "TNMH"]
[Site "Aveiro"]
[Date "2023.12.22"]
[Round "8.5"]
[White "Martins, Bruno"]
[Black "Ribeiro, Fernando"]
[Result "1-0"]
[BlackElo "2186"]
[WhiteElo "2334"]
[LiveChessVersion "1.4.8"]

1. e4 c5 2. Nf3 d6 3. d4 cxd4 4. Nxd4 Nf6 5. Nc3 a6 6. Be3 Ng4 7. Bc1 Nf6 8. g3
e5 9. Nf3 Be7 10. Nh4 Bg4 11. Be2 Be6 12. Nf5 O-O 13. g4 Nc6 14. g5 Ne8 15. Nxe7+
Qxe7 16. Be3 Nc7 17. Qd2 Nd4 18. O-O-O d5 19. Bxd4 exd4 20. Qxd4 dxe4 21. Nxe4
Bf5 22. Ng3 Be6 23. f4 Rfd8 24. Qe5 Rxd1+ 25. Rxd1 Re8 26. Nh5 f6 27. gxf6 1-0

[Event "TNMH"]
[Site "Aveiro"]
[Date "2023.12.22"]
[Round "8.6"]
[White "Matos, Joao"]
[Black "Justino, Francisco"]
[Result "1/2-1/2"]
[BlackElo "1392"]
[WhiteElo "1636"]
[LiveChessVersion "1.4.8"]

1. e4 {[%clk 1:30:56]} c6 {[%clk 1:30:53]} 2. d4 {[%clk 1:31:18]} d5
{[%clk 1:31:10]} 3. Nc3 {[%clk 1:31:39]} dxe4 {[%clk 1:31:21]} 4. Nxe4
{[%clk 1:31:54]} Nf6 {[%clk 1:31:30]} 5. Nxf6+ {[%clk 1:32:02]} exf6
{[%clk 1:31:45]} 6. Nf3 {[%clk 1:28:45]} Bg4 {[%clk 1:30:20]} 7. Be2
{[%clk 1:26:18]} Bd6 {[%clk 1:22:12]} 8. h3 {[%clk 1:26:03]} Bh5 {[%clk 1:21:37]}
9. c3 {[%clk 1:25:16]} O-O {[%clk 1:20:07]} 10. O-O {[%clk 1:24:40]} Re8
{[%clk 1:19:00]} 11. Re1 {[%clk 1:18:37]} Qc7 {[%clk 1:15:22]} 12. Be3
{[%clk 1:14:52]} Nd7 {[%clk 1:13:58]} 13. Nd2 {[%clk 1:12:54]} Bg6
{[%clk 1:12:32]} 14. Nc4 {[%clk 1:11:31]} Bf4 {[%clk 1:03:21]} 15. Qd2
{[%clk 1:07:47]} Bxe3 {[%clk 1:01:00]} 16. Nxe3 {[%clk 1:06:00]} Rad8
{[%clk 0:58:36]} 17. Bd3 {[%clk 1:04:40]} Nc5 {[%clk 0:51:02]} 18. Bxg6
{[%clk 1:03:11]} hxg6 {[%clk 0:51:20]} 19. Qc2 {[%clk 0:57:38]} Ne4
{[%clk 0:44:40]} 20. Nf1 {[%clk 0:56:31]} f5 {[%clk 0:40:04]} 21. Re2
{[%clk 0:55:30]} Rd7 {[%clk 0:38:57]} 22. Rae1 {[%clk 0:54:55]} Rde7
{[%clk 0:39:14]} 23. Nd2 {[%clk 0:51:55]} Nf6 {[%clk 0:36:47]} 24. Nf3
{[%clk 0:47:36]} Rxe2 {[%clk 0:25:53]} 25. Rxe2 {[%clk 0:47:57]} Rxe2
{[%clk 0:26:16]} 26. Qxe2 {[%clk 0:48:17]} Ne4 {[%clk 0:24:19]} 27. Nd2
{[%clk 0:47:05]} Qf4 {[%clk 0:19:59]} 28. Nxe4 {[%clk 0:47:07]} fxe4
{[%clk 0:19:48]} 29. Qe3 {[%clk 0:47:06]} Qxe3 {[%clk 0:19:58]} 30. fxe3
{[%clk 0:47:29]} f5 {[%clk 0:19:27]} 31. Kf2 {[%clk 0:46:44]} Kf7
{[%clk 0:19:46]} 32. c4 {[%clk 0:46:06]} Kf6 {[%clk 0:18:50]} 33. b4
{[%clk 0:45:34]} g5 {[%clk 0:18:41]} 34. g3 {[%clk 0:44:37]} Ke6 {[%clk 0:18:31]}
35. a4 {[%clk 0:43:50]} g6 {[%clk 0:16:43]} 36. a5 {[%clk 0:38:03]} b6
{[%clk 0:14:19]} 37. axb6 {[%clk 0:33:22]} 1/2-1/2

[Event "TNMH"]
[Site "Aveiro"]
[Date "2023.12.22"]
[Round "8.7"]
[White "Meuter, Alain"]
[Black "Ermida, Ricardo"]
[Result "1-0"]
[BlackElo "1700"]
[WhiteElo "1392"]
[LiveChessVersion "1.4.8"]

1. e4 {[%clk 1:30:42]} c5 {[%clk 1:30:46]} 2. Nf3 {[%clk 1:31:02]} e6
{[%clk 1:31:09]} 3. d4 {[%clk 1:29:34]} cxd4 {[%clk 1:31:32]} 4. c3
{[%clk 1:29:57]} dxc3 {[%clk 1:31:36]} 5. Nxc3 {[%clk 1:30:24]} Nc6
{[%clk 1:31:51]} 6. Bc4 {[%clk 1:30:34]} Bb4 {[%clk 1:32:03]} 7. O-O
{[%clk 1:30:33]} Nge7 {[%clk 1:32:26]} 8. e5 {[%clk 1:23:55]} Ng6
{[%clk 1:31:19]} 9. Bg5 {[%clk 1:22:38]} Be7 {[%clk 1:30:06]} 10. Bxe7
{[%clk 1:09:38]} Qxe7 {[%clk 1:30:27]} 11. Nb5 {[%clk 1:09:29]} O-O
{[%clk 1:30:37]} 12. Qd6 {[%clk 1:01:24]} Ncxe5 {[%clk 1:25:43]} 13. Be2
{[%clk 0:46:25]} Qxd6 {[%clk 1:20:51]} 14. Nxd6 {[%clk 0:46:51]} Nxf3+
{[%clk 1:21:01]} 15. Bxf3 {[%clk 0:47:04]} Rb8 {[%clk 1:16:51]} 16. Rac1
{[%clk 0:45:13]} Ne5 {[%clk 1:16:45]} 17. Be2 {[%clk 0:45:23]} Rd8
{[%clk 1:14:56]} 18. f4 {[%clk 0:44:18]} Nc6 {[%clk 1:14:38]} 19. a3
{[%clk 0:35:20]} Kf8 {[%clk 1:13:05]} 20. b4 {[%clk 0:34:01]} Ke7
{[%clk 1:11:57]} 21. Rfd1 {[%clk 0:34:08]} a6 {[%clk 1:10:20]} 22. g4
{[%clk 0:29:32]} Kf8 {[%clk 1:01:39]} 23. Kf2 {[%clk 0:28:44]} Ne7
{[%clk 1:01:46]} 24. Bf3 {[%clk 0:28:15]} Nc6 {[%clk 0:52:57]} 25. Be4
{[%clk 0:24:49]} Ke7 {[%clk 0:51:15]} 26. Bh1 {[%clk 0:24:42]} f6
{[%clk 0:50:14]} 27. Be4 {[%clk 0:23:40]} g6 {[%clk 0:48:20]} 28. h3
{[%clk 0:21:21]} e5 {[%clk 0:42:41]} 29. fxe5 {[%clk 0:17:52]} fxe5
{[%clk 0:42:11]} 30. Ke3 {[%clk 0:17:15]} Rf8 {[%clk 0:21:51]} 31. Nc4
{[%clk 0:14:47]} b5 {[%clk 0:18:41]} 32. Bxc6 {[%clk 0:11:21]} bxc4
{[%clk 0:19:03]} 33. Bd5 {[%clk 0:10:29]} Rf4 {[%clk 0:12:24]} 34. Rxc4
{[%clk 0:09:38]} Rxc4 {[%clk 0:12:30]} 35. Bxc4 {[%clk 0:09:34]} Bb7
{[%clk 0:12:34]} 36. Bd5 {[%clk 0:08:25]} Bxd5 {[%clk 0:10:55]} 37. Rxd5
{[%clk 0:08:53]} Rb5 {[%clk 0:09:55]} 38. Rd3 {[%clk 0:07:51]} a5
{[%clk 0:09:23]} 39. Rb3 {[%clk 0:06:19]} Ke6 {[%clk 0:08:47]} 40. Kd3
{[%clk 0:04:32]} d5 {[%clk 0:08:53]} 41. Kc3 {[%clk 0:03:17]} axb4+
{[%clk 0:09:05]} 42. axb4 {[%clk 0:03:40]} Kf6 {[%clk 0:07:07]} 43. h4
{[%clk 0:03:34]} h5 {[%clk 0:07:24]} 44. gxh5 {[%clk 0:02:12]} gxh5
{[%clk 0:07:49]} 45. Ra3 {[%clk 0:02:29]} Kf5 {[%clk 0:07:57]} 46. Ra5
{[%clk 0:02:28]} d4+ {[%clk 0:08:16]} 47. Kc4 {[%clk 0:02:44]} Rb8
{[%clk 0:08:36]} 48. Rc5 {[%clk 0:01:59]} Ke4 {[%clk 0:08:47]} 49. b5
{[%clk 0:01:45]} d3 {[%clk 0:07:37]} 50. Kc3 {[%clk 0:01:54]} Rd8
{[%clk 0:07:42]} 51. Kd2 {[%clk 0:02:15]} Kd4 {[%clk 0:08:02]} 52. Rc6
{[%clk 0:02:18]} e4 {[%clk 0:08:16]} 53. Re6 {[%clk 0:01:59]} Rg8
{[%clk 0:06:35]} 54. b6 {[%clk 0:01:37]} Rg2+ {[%clk 0:06:54]} 55. Kc1
{[%clk 0:01:29]} Rc2+ {[%clk 0:06:50]} 56. Kb1 {[%clk 0:00:52]} Rc4
{[%clk 0:07:10]} 1-0

[Event "TNMH"]
[Site "Aveiro"]
[Date "2023.12.22"]
[Round "8.8"]
[White "Marques, Pedro"]
[Black "Ferreira, Vasco"]
[Result "1-0"]
[BlackElo "1561"]
[WhiteElo "1751"]
[LiveChessVersion "1.4.8"]

1. d4 {[%clk 1:30:57]} d5 {[%clk 1:30:53]} 2. Nf3 {[%clk 1:30:43]} Nf6
{[%clk 1:30:55]} 3. Bf4 {[%clk 1:30:47]} c5 {[%clk 1:30:42]} 4. e3
{[%clk 1:30:49]} Nc6 {[%clk 1:31:00]} 5. Nc3 {[%clk 1:14:21]} Qa5
{[%clk 1:17:08]} 6. Qd2 {[%clk 1:10:23]} a6 {[%clk 1:09:29]} 7. Be2
{[%clk 0:57:18]} e6 {[%clk 1:03:15]} 8. O-O {[%clk 0:52:21]} b5 {[%clk 0:54:41]}
9. a3 {[%clk 0:46:56]} Ne4 {[%clk 0:44:02]} 10. Nxe4 {[%clk 0:45:18]} dxe4
{[%clk 0:44:25]} 11. Qxa5 {[%clk 0:45:37]} Nxa5 {[%clk 0:44:42]} 12. Nd2
{[%clk 0:45:07]} cxd4 {[%clk 0:42:17]} 13. Nxe4 {[%clk 0:44:01]} Bb7
{[%clk 0:38:55]} 14. Bf3 {[%clk 0:42:19]} Rc8 {[%clk 0:34:58]} 15. Rac1
{[%clk 0:31:35]} dxe3 {[%clk 0:31:17]} 16. fxe3 {[%clk 0:23:24]} Be7
{[%clk 0:17:08]} 17. c3 {[%clk 0:10:29]} O-O {[%clk 0:09:34]} 18. Bd6
{[%clk 0:09:07]} Bxe4 {[%clk 0:07:05]} 19. Bxe7 {[%clk 0:09:22]} Rfe8
{[%clk 0:06:43]} 20. Bb4 {[%clk 0:08:17]} Bxf3 {[%clk 0:05:36]} 21. Bxa5
{[%clk 0:08:19]} Bd5 {[%clk 0:05:24]} 22. Rcd1 {[%clk 0:07:46]} Re7
{[%clk 0:04:54]} 23. Rf4 {[%clk 0:07:46]} Bb3 {[%clk 0:04:06]} 24. Rd6
{[%clk 0:07:45]} e5 {[%clk 0:04:05]} 25. Rf2 {[%clk 0:07:10]} Re6
{[%clk 0:04:05]} 26. Rd7 {[%clk 0:07:30]} Ree8 {[%clk 0:02:51]} 27. Rfd2
{[%clk 0:07:50]} g6 {[%clk 0:02:07]} 28. R2d6 {[%clk 0:07:43]} Re6
{[%clk 0:01:58]} 29. Rd8+ {[%clk 0:07:32]} Rxd8 {[%clk 0:02:15]} 30. Rxd8+
{[%clk 0:07:43]} Kg7 {[%clk 0:02:36]} 31. Bb4 {[%clk 0:07:45]} Kf6
{[%clk 0:02:12]} 32. Kf2 {[%clk 0:07:30]} Kg5 {[%clk 0:01:44]} 33. Kg3
{[%clk 0:07:18]} h5 {[%clk 0:01:24]} 34. Rf8 {[%clk 0:06:39]} h4+
{[%clk 0:01:14]} 35. Kh3 {[%clk 0:04:56]} Rf6 {[%clk 0:01:22]} 36. Be7
{[%clk 0:05:11]} Be6+ {[%clk 0:01:35]} 37. g4 {[%clk 0:05:36]} Bxg4+
{[%clk 0:01:33]} 38. Kg2 {[%clk 0:06:00]} Bf3+ {[%clk 0:01:19]} 39. Kf2
{[%clk 0:05:11]} Be4+ {[%clk 0:01:33]} 40. Bxf6+ {[%clk 0:05:33]} Kxf6
{[%clk 0:01:51]} 41. Rb8 {[%clk 0:04:59]} g5 {[%clk 0:01:29]} 42. Rb6+
{[%clk 0:05:13]} Kf5 {[%clk 0:01:52]} 43. Rxa6 {[%clk 0:05:06]} f6
{[%clk 0:02:07]} 44. a4 {[%clk 0:05:06]} g4 {[%clk 0:01:12]} 45. axb5
{[%clk 0:04:31]} g3+ {[%clk 0:01:18]} 46. hxg3 {[%clk 0:04:51]} h3
{[%clk 0:01:44]} 47. Kg1 {[%clk 0:05:17]} Kg5 {[%clk 0:01:06]} 48. Kh2
{[%clk 0:05:30]} Bd3 {[%clk 0:00:53]} 49. Ra5 {[%clk 0:04:56]} Kg4
{[%clk 0:00:53]} 50. b6 {[%clk 0:05:00]} Be4 {[%clk 0:00:54]} 51. Ra4
{[%clk 0:05:16]} f5 {[%clk 0:01:08]} 52. b7 {[%clk 0:05:19]} f4 {[%clk 0:01:19]}
53. Rxe4 {[%clk 0:05:40]} Kf3 {[%clk 0:01:10]} 54. gxf4 {[%clk 0:05:50]} Kxe4
{[%clk 0:01:26]} 55. b8=Q {[%clk 0:06:06]} 1-0

[Event "TNMH"]
[Site "Aveiro"]
[Date "2023.12.22"]
[Round "8.9"]
[White "Tribuzi, Carlos"]
[Black "Sousa, Pedro"]
[Result "1/2-1/2"]
[BlackElo "1170"]
[WhiteElo "1526"]
[LiveChessVersion "1.4.8"]

1. e4 {[%clk 1:30:59]} e5 {[%clk 1:30:34]} 2. Nf3 {[%clk 1:31:27]} Nc6
{[%clk 1:30:55]} 3. d4 {[%clk 1:31:50]} exd4 {[%clk 1:31:14]} 4. Bc4
{[%clk 1:32:15]} Nf6 {[%clk 1:24:57]} 5. e5 {[%clk 1:31:24]} d5 {[%clk 1:20:34]}
6. Bb5 {[%clk 1:31:30]} Nd7 {[%clk 1:20:39]} 7. O-O {[%clk 1:29:53]} Be7
{[%clk 1:19:05]} 8. Re1 {[%clk 1:25:28]} O-O {[%clk 1:15:05]} 9. Bxc6
{[%clk 1:23:38]} bxc6 {[%clk 1:15:27]} 10. Nxd4 {[%clk 1:23:10]} Nb8
{[%clk 1:06:51]} 11. f4 {[%clk 1:14:12]} c5 {[%clk 1:04:09]} 12. Nf3
{[%clk 1:13:23]} Bf5 {[%clk 0:59:59]} 13. Nc3 {[%clk 1:09:24]} d4
{[%clk 0:55:51]} 14. Ne4 {[%clk 1:05:41]} Qd5 {[%clk 0:52:50]} 15. Ng3
{[%clk 0:59:57]} Bg4 {[%clk 0:51:04]} 16. h3 {[%clk 0:56:28]} Bxf3
{[%clk 0:49:02]} 17. Qxf3 {[%clk 0:56:35]} Qxf3 {[%clk 0:49:22]} 18. gxf3
{[%clk 0:57:01]} Bh4 {[%clk 0:45:13]} 19. Kg2 {[%clk 0:56:07]} Nd7
{[%clk 0:23:54]} 20. b3 {[%clk 0:51:51]} c4 {[%clk 0:20:51]} 21. Rd1
{[%clk 0:45:40]} Bxg3 {[%clk 0:20:36]} 22. Rxd4 {[%clk 0:44:32]} Bxf4
{[%clk 0:16:19]} 23. Bxf4 {[%clk 0:44:12]} Nb6 {[%clk 0:16:31]} 24. Rad1
{[%clk 0:43:05]} cxb3 {[%clk 0:13:19]} 25. cxb3 {[%clk 0:28:03]} a5
{[%clk 0:09:00]} 26. a4 {[%clk 0:27:46]} h6 {[%clk 0:08:41]} 27. e6
{[%clk 0:24:33]} fxe6 {[%clk 0:08:49]} 28. Bxc7 {[%clk 0:24:26]} Nd5
{[%clk 0:09:04]} 29. Rxd5 {[%clk 0:18:19]} exd5 {[%clk 0:09:23]} 30. Rxd5
{[%clk 0:18:09]} Rae8 {[%clk 0:04:53]} 1/2-1/2